Japanese Prefectures Flags (+Twist) - Sudden Death #1 - Statistics

General Stats
  • This quiz has been taken 38 times
  • The average score is 12 of 39
Answers on the Grid
Answers color-coded by a green-red scale on the quiz's grid according to % correct below.
Aichi
Akita
Aomori
Chiba
Ehime
Fukui
Fukuoka
Fukushima
Gifu
Gunma
Hiroshima
Hokkaidō
Hyōgo
Ibaraki
Ishikawa
Iwate
Kagawa
Kagoshima
Kanagawa
Kōchi
Kumamoto
Kyoto
Mie
Miyagi
Miyazaki
Nagano
Nagasaki
Nara
Niigata
Ōita
Okayama
Okinawa
Ōsaka
Saga
Saitama
Shiga
Shimane
Shizuoka
Tochigi
Tokushima
Tokyo
Tottori
Toyama
Wakayama
Yamagata
Yamaguchi
Yamanashi
 
Answer Stats
Answer % Correct
Aichi
83%
Akita
72%
Aomori
72%
Fukushima
39%
Kanagawa
39%
Fukui
33%
Fukuoka
33%
Hiroshima
33%
Hyōgo
33%
Kagawa
33%
Tokyo
33%
Gifu
28%
Gunma
28%
Ibaraki
28%
Iwate
28%
Kōchi
28%
Kumamoto
28%
Okinawa
28%
Ōsaka
28%
Saitama
28%
Shimane
28%
Yamagata
28%
Yamaguchi
28%
Ishikawa
22%
Mie
22%
Miyagi
22%
Miyazaki
22%
Nagano
22%
Nagasaki
22%
Nara
22%
Niigata
22%
Ōita
22%
Shiga
22%
Tottori
22%
Okayama
17%
Tochigi
17%
Tokushima
17%
Toyama
17%
Wakayama
17%
No matching quizzes found
Score Distribution
Percent of People with Each Score
Percentile by Number Answered
Your Score History
You have not taken this quiz